LDR 00733naa#a2200169#i#450# 001 RU\\bibl\126631 005 20260703180113.5 011 ## _a2587-6740 100 ## _a20260615b2026####ek#y0rusy0150####ca 102 ## _aRU 200 1# _aСовершенствование методики оценки инвестиционной привлекательности АПК Краснодарского края _eЖурнальная статья 210 1# _aМосква _cЭлектронная наука _d2026 215 ## _a5 с. 608 ## _aЖурнальная статья _2local 675 ## _aИнвестиции. Образование капитала. 330.322 _z 700 #1 _aХаляпин _gАлексей Алексеевич 856 4# _aqje.su _u